01600 a2200169 4500999001700000020001800017082001800035100002200053245005600075260003700131300001200168520102600180650001801206700002001224942001201244952017401256 c26807d26807 a9781316619339 a340.14bBER-L aBerman, Harold J. aLaw and Language b: Effective Symbols of Community bCambridge University Pressc2016 a222,pp. aCompleted in 1964, Harold J. Berman's long-lost tract shows how properly negotiated, translated and formalised legal language is essential to fostering peace and understanding within local and international communities. Exemplifying interdisciplinary and comparative legal scholarship long before they were fashionable, it is a fascinating prequel to Berman's monumental Law and Revolution series. It also anticipates many of the main themes of the modern movements of law, language and ethics. In his Introduction, John Witte, Jr, a student and colleague of Berman, contextualises the text within the development of Berman's legal thought and in the evolution of interdisciplinary legal studies. He has also pieced together some of the missing sections from Berman's other early writings and provided notes and critical apparatus throughout. An Afterword by Tibor Várady, another student and colleague of Berman, illustrates via modern cases the wisdom and utility of Berman's theories of law, language and community.  aLaw--Language aWitte John, Jr. 2ddccBK 00104070aNASSDOCbNASSDOCd2021-04-13eOverseas Press India Private Limitedg2133.97i2021-03-08l0o340.14 BER-Lp51525r2021-04-13 00:00:00v3005.60w2021-04-13yBK